<?xml version="1.0" encoding="UTF-8"?>
<record
    xmlns:xsi="http://www.w3.org/2001/XMLSchema-instance"
    xsi:schemaLocation="http://www.loc.gov/MARC21/slim http://www.loc.gov/standards/marcxml/schema/MARC21slim.xsd"
    xmlns="http://www.loc.gov/MARC21/slim">

  <leader>01345nam a22001817a 4500</leader>
  <controlfield tag="008">120813t        xxu||||| |||| 00| 0 eng d</controlfield>
  <datafield tag="050" ind1=" " ind2=" ">
    <subfield code="a">TS 176.W14</subfield>
  </datafield>
  <datafield tag="100" ind1=" " ind2=" ">
    <subfield code="a">Wallace, Thomas F.</subfield>
  </datafield>
  <datafield tag="245" ind1=" " ind2=" ">
    <subfield code="a">MRP II: making it happen : the implementers' guide to success with manufacturing resource planning. /</subfield>
    <subfield code="c">Thomas F. Wallace</subfield>
  </datafield>
  <datafield tag="250" ind1=" " ind2=" ">
    <subfield code="a">2nd ed.</subfield>
  </datafield>
  <datafield tag="260" ind1=" " ind2=" ">
    <subfield code="a">New York:</subfield>
    <subfield code="b">John Wiley,</subfield>
    <subfield code="c">1990.</subfield>
  </datafield>
  <datafield tag="300" ind1=" " ind2=" ">
    <subfield code="a">xiv, 314 p.:</subfield>
    <subfield code="c">24cm.</subfield>
  </datafield>
  <datafield tag="500" ind1=" " ind2=" ">
    <subfield code="a">Includes index. </subfield>
  </datafield>
  <datafield tag="505" ind1=" " ind2=" ">
    <subfield code="a">Content: Introduction: Manufacturing resource planning -- The Implementation challenge -- Company - Wide Implementatio: Company-wide implementation - Overview -- Project launch part I -- Project launch part II -- Initial education -- Process definition and improvement -- Software -- Going on the air -- Going on the air -- Quick - Slice Implementation: Quick-slice MRP - Overview -- Quick-slice MRP - implementation -- Ongoing Operation: Operating MRP II -- Appendix A: The Fundamentals of manufacturing resource planning and just-in time/ total quality control -- Appendix B: Job shop versus flow shop -- Appendix C: MRP II implementation plan - company wide -- Appendix D: Quick-slice MRP detailed implementation plan -- Appendix E: Sources for additional information. </subfield>
  </datafield>
  <datafield tag="650" ind1=" " ind2=" ">
    <subfield code="a">Production planning. </subfield>
  </datafield>
  <datafield tag="650" ind1=" " ind2=" ">
    <subfield code="a">Manufacturing resource planning. </subfield>
  </datafield>
  <datafield tag="942" ind1=" " ind2=" ">
    <subfield code="2">lcc</subfield>
    <subfield code="c">BK</subfield>
  </datafield>
  <datafield tag="999" ind1=" " ind2=" ">
    <subfield code="c">1973</subfield>
    <subfield code="d">9473</subfield>
  </datafield>
  <datafield tag="952" ind1=" " ind2=" ">
    <subfield code="0">0</subfield>
    <subfield code="1">0</subfield>
    <subfield code="2">lcc</subfield>
    <subfield code="4">0</subfield>
    <subfield code="7">0</subfield>
    <subfield code="a">WIUC-1</subfield>
    <subfield code="b">WIUC-1</subfield>
    <subfield code="c">GEN</subfield>
    <subfield code="d">2012-08-13</subfield>
    <subfield code="l">0</subfield>
    <subfield code="o">TS 176.W14</subfield>
    <subfield code="p">6064/12</subfield>
    <subfield code="r">2012-08-13 00:00:00</subfield>
    <subfield code="t">1</subfield>
    <subfield code="w">2012-08-13</subfield>
    <subfield code="y">BK</subfield>
  </datafield>
</record>
